One piece #1 east blue - Statistiques

Statistiques générales
  • Ce quiz a été pris 819 fois
  • Le résultat moyen est 11 sur 28
Statistiques - réponses
Mots clé % Correct
Luffy
96%
Nami
94%
Zoro
94%
Sanji
89%
Usopp
88%
Baggy
70%
Shanks
68%
Kuro
56%
Don krieg
43%
Baratie
42%
Smoker
41%
Coby
40%
Kaya
39%
Mihawk
38%
Tashigi
32%
Vogue Merry
27%
Gold Roger
22%
Marine
19%
Fruit du démon
18%
Chapeau de paille
17%
Grand Line
14%
One piece
13%
Sabre
13%
Colonel
4%
Combat
3%
Caoutchouc
2%
Base navale
1%
Granit Marin
0%
Aucun quiz correspondant
Distribution des résultats
% des personnes avec chaque résultat
Percentile par nombre de réponses
Votre historique - résultats
Vous n’avez pas pris ce quiz